Random Trivia Quiz by Pictures #10 - Statistics

General Stats
  • This quiz has been taken 28 times
  • The average score is 5 of 20
Answer Stats
Picture Answer % Correct
Vitamin C
69%
Venus Flytrap
65%
Kevin Hart
54%
2pac
46%
Limousine
46%
Catherine the Great
35%
Niccolò Machiavelli
27%
Antigua and Barbuda
23%
Hideki Tojo
19%
Emma
15%
Lemoncurd
15%
Tardigrade
15%
Toussaint Louverture
15%
Jodie Whittaker
12%
Dead man's hand
8%
Sodom and Gomorrah
8%
Muses
4%
Peri
4%
Potomac
4%
Singing Revolution
4%
No matching quizzes found
Score Distribution
Percent of People with Each Score
Percentile by Number Answered
Your Score History
You have not taken this quiz